00279nam a2200097Ia 4500008004100000041000800041100003100049245003100080260005100111999001900162241105s9999 xx 000 0 und d aeng aSuryawanshi Ravina9204292 aReForming Quasi Tensegrity bBNCA M Arch Landscape ArchitectureaPunec2022 c362105d362105